| 000 | 00704nam a2200169 i 4500 | ||
|---|---|---|---|
| 001 | 22202 | ||
| 003 | ES-MaACL | ||
| 007 | t| | ||
| 008 | 030203s1882 sp ||||1| spa d | ||
| 100 | 1 |
_aUhagon, Rodrigo de _cMarqués de Santa Eulalia. _9111907 |
|
| 245 | 1 | 0 |
_aRestablecimiento de los Tribunales de Comercio / _cdictamen emitido por el Sr. Rodrigo de Uhagón Marqués de Santa Eulalia y enmienda a la totalidad de D. Vicente Bas y Cortés. |
| 260 |
_aMadrid : _b[s.n.], _c1882 ( _fTip. de Gregorio Estrada) |
||
| 300 |
_a31 p. ; _c22 cm. |
||
| 500 | _aPrecede al tit.: Consejo Superior de Agricultura, Industria y Comercio. | ||
| 700 | 1 |
_aBas y Cortés, Vicente. _926232 |
|
| 852 |
_aES-MaACL _jT-666-F-1 |
||
| 999 |
_c22202 _d22202 |
||